Zachowania przedsiebiorstw w okresie przeksztalcen wlasnosciowych.

Výsledky prieskumu v 100 poľských štátnych podnikoch o ich situácii v procese transformácie na základe rozhovorov s riaditeľmi v r. 1991. Dotazník obsahoval tieto problémy: použitá stratégia, inovácie a finančné nástroje. Rozbor odpovedí. Tendencie vo výrobe, výroba na vývoz, zdroje financovania inv...

Ausführliche Beschreibung

Gespeichert in:
Bibliographische Detailangaben
1. Verfasser: Brandys, A.I
Format: Buchkapitel
Sprache:Polnisch
Schlagworte:
Tags: Tag hinzufügen
Keine Tags, Fügen Sie das erste Tag hinzu!

MARC

LEADER 00000naa a2200000 4500
001 r008926
005 20221125122654.3
041 0 |a pol 
044 |a PL 
245 1 0 |a Zachowania przedsiebiorstw w okresie przeksztalcen wlasnosciowych.  |c A.I. Brandys 
520 |a Výsledky prieskumu v 100 poľských štátnych podnikoch o ich situácii v procese transformácie na základe rozhovorov s riaditeľmi v r. 1991. Dotazník obsahoval tieto problémy: použitá stratégia, inovácie a finančné nástroje. Rozbor odpovedí. Tendencie vo výrobe, výroba na vývoz, zdroje financovania investícií. Spolupráca so zahraničím. 
610 2 0 |a správanie 
610 2 0 |a podnik 
610 2 0 |a vlastníctvo 
610 2 0 |a privatizácia 
610 2 0 |a porovnanie medzipodnikové 
610 2 0 |a PR 
610 2 0 |a stratégia podniková 
610 2 0 |a nástroje finančné 
610 2 0 |a inovácia 
610 2 0 |a spolupráca podnikov 
610 2 0 |a financovanie investícií 
100 1 |a Brandys, A.I.